Chemistry for Engineering Students (Record no. 591401)
[ view plain ]
| 000 -LEADER | |
|---|---|
| fixed length control field | 00421nam a22001577a 4500 |
| 020 ## - INTERNATIONAL STANDARD BOOK NUMBER | |
| International Standard Book Number | 9780357026991 |
| 040 ## - CATALOGING SOURCE | |
| Transcribing agency | NUST |
| 082 ## - DEWEY DECIMAL CLASSIFICATION NUMBER | |
| Classification number | 540 HOL |
| 100 ## - MAIN ENTRY--PERSONAL NAME | |
| Personal name | Brown, Lawrence Stephen |
| 9 (RLIN) | 6112 |
| 110 ## - MAIN ENTRY--CORPORATE NAME | |
| Corporate name or jurisdiction name as entry element | Holme, Thomas A. |
| 9 (RLIN) | 98885 |
| 245 ## - TITLE STATEMENT | |
| Title | Chemistry for Engineering Students |
| 250 ## - EDITION STATEMENT | |
| Edition statement | 4th Edition |
| 260 ## - PUBLICATION, DISTRIBUTION, ETC. | |
| Place of publication, distribution, etc. | USA: |
| Name of publisher, distributor, etc. | CENGAGE: |
| Date of publication, distribution, etc. | 2019. |
| 650 ## - SUBJECT ADDED ENTRY--TOPICAL TERM | |
| Topical term or geographic name entry element | Chemistry for Engineering.NUSTTB2022 |
| 9 (RLIN) | 102875 |
| 942 ## - ADDED ENTRY ELEMENTS (KOHA) | |
| Source of classification or shelving scheme | |
| Koha item type | Book |
| Withdrawn status | Lost status | Source of classification or shelving scheme | Damaged status | Not for loan | Permanent Location | Current Location | Shelving location | Date acquired | Total Checkouts | Full call number | Barcode | Date last seen | Price effective from | Koha item type |
|---|---|---|---|---|---|---|---|---|---|---|---|---|---|---|
| College of Electrical & Mechanical Engineering (CEME) | College of Electrical & Mechanical Engineering (CEME) | General Stacks | 09/09/2022 | 540 HOL | CEME-50892 | 09/09/2022 | 09/09/2022 | Book | ||||||
| College of Electrical & Mechanical Engineering (CEME) | College of Electrical & Mechanical Engineering (CEME) | General Stacks | 10/12/2022 | 280 SCB | CEME-50892-A | 10/12/2022 | 10/12/2022 | Book |
